| Tag |
First Indicator |
Second Indicator |
Subfields |
| LEADER |
00000cam a2200000 4500 |
| 001 |
in00000055182 |
| 005 |
20151008052200.0 |
| 008 |
730305s1963 nyu b 00000 eng u |
| 010 |
|
|
|a 63018427
|
| 035 |
|
|
|a (OCoLC)00568817
|
| 035 |
|
|
|9 AAH2102AM
|
| 040 |
|
|
|c WSU
|d TXA
|d UtOrBLW
|
| 049 |
|
|
|a TXAS [mil]
|
| 050 |
|
0 |
|a V859.G7
|b E9 1963
|
| 092 |
|
|
|a 359.32
|b E93k
|
| 100 |
1 |
|
|a Everitt, Don.
|
| 245 |
1 |
4 |
|a The K boats :
|b a dramatic first report on the world's most calamitous submarines /
|c by Don Everitt.
|
| 250 |
|
|
|a 1st ed.
|
| 264 |
|
1 |
|a New York :
|b Holt, Rinehart and Winston,
|c [1963]
|
| 264 |
|
4 |
|c ©1963
|
| 300 |
|
|
|a 206 pages :
|b illustrations, maps ;
|c 21 cm.
|
| 336 |
|
|
|a text
|b txt
|2 rdacontent
|
| 337 |
|
|
|a unmediated
|b n
|2 rdamedia
|
| 338 |
|
|
|a volume
|b nc
|2 rdacarrier
|
| 504 |
|
|
|a Bibliography: pages [195]-199.
|
| 500 |
|
|
|a Includes index.
|
| 610 |
1 |
0 |
|a Great Britain.
|b Royal Navy.
|
| 650 |
|
0 |
|a Submarines (Ships)
|
| 650 |
|
0 |
|a World War, 1914-1918
|x Naval operations
|x Submarine.
|
| 999 |
|
|
|a MARS
|
| 999 |
f |
f |
|s 4d0f0136-edf0-3415-b5da-68c21ef32174
|i fd4458f7-9f7a-3f33-9fa9-a6a466429b07
|t 0
|
| 952 |
f |
f |
|p noncirc
|a Texas A&M University
|b College Station
|c Cushing Memorial Library & Archives
|d Cushing: Ragan Military (Does not check out)
|t 0
|e V859.G7 E9 1963
|h Library of Congress classification
|i unmediated -- volume
|
| 998 |
f |
f |
|a V859.G7 E9 1963
|t 0
|l Cushing: Ragan Military (Does not check out)
|